| 000 | 01498nam a2200337Ia 4500 | ||
|---|---|---|---|
| 001 | ebr10367641 | ||
| 003 | CaPaEBR | ||
| 006 | m u | ||
| 007 | cr cn||||||||| | ||
| 008 | 100305s2009 ne sb 001 0 eng d | ||
| 020 | _z9085550238 (pbk.) | ||
| 020 | _z9789085550235 (pbk.) | ||
| 040 |
_aCaPaEBR _cCaPaEBR |
||
| 035 | _a(OCoLC)607908382 | ||
| 050 | 1 | 4 |
_aK2146 _b.S78 2009eb |
| 100 | 1 | _aStuart, Heikelina Verrijn. | |
| 245 | 1 | 4 |
_aThe prosecutor and the judge _h[electronic resource] : _bBenjamin Ferencz and Antonio Cassese, interviews and writings / _cHeikelina Verrijn Stuart & Marlise Simons. |
| 246 | 3 | _aBenjamin Ferencz and Antonio Cassese, interviews and writings | |
| 260 |
_aAmsterdam : _bAmsterdam University Press ; _aManchester : _bManchester University Press [distributor], _cc2009. |
||
| 300 | _a192 p. | ||
| 504 | _aIncludes bibliographical references and index. | ||
| 533 |
_aElectronic reproduction. _bPalo Alto, Calif. : _cebrary, _d2010. _nAvailable via World Wide Web. _nAccess may be limited to ebrary affiliated libraries. |
||
| 600 | 1 | 0 |
_aCassese, Antonio _vInterviews. |
| 600 | 1 | 0 |
_aFerencz, Benjamin B., _d1920- _vInterviews. |
| 650 | 0 |
_aJudges _zItaly _vInterviews. |
|
| 650 | 0 |
_aLawyers _zUnited States _vInterviews. |
|
| 655 | 7 |
_aElectronic books. _2local |
|
| 700 | 1 | _aSimons, Marlise. | |
| 710 | 2 | _aebrary, Inc. | |
| 856 | 4 | 0 |
_uhttp://site.ebrary.com/lib/rucke/Doc?id=10367641 _zAn electronic book accessible through the World Wide Web; click to view |
| 999 |
_c108589 _d108589 |
||